000 00633nam a2200205Ia 4500
003 GCL
008 140319s9999 xx 000 0 ara d
040 _aGCL /
_cGCL
082 0 4 _a361.6
_bس م
100 1 _aسامية محمد فهمى
245 1 0 _aمقدمة فى ممارسة الخدمة الاجتماعية /
_cسامية محمد فهمى
260 _a[S.N] :
_bالمكتب الجامعى الحديث ،
_c1986
300 _a203 ص
490 _a
650 0 4 _aتنظيم المجتمع
650 0 4 _aالخدمة الاجتماعية
650 0 4 _aالاجتماع
650 0 4 _aجمعيات
942 _2ddc
_cBK
999 _c55976
_d55976